[Event "HUN-chT2 Maroczy 1819"]
[Site "Hungary"]
[Date "2019.03.10"]
[Round "9.10"]
[White "Csala, Imre"]
[Black "Borda, Lajos"]
[Result "1-0"]
[WhiteElo "2077"]
[BlackElo "2060"]
[PlyCount "59"]
[EventDate "2018.09.23"]
[EventType "team-tourn"]
[EventRounds "11"]
[EventCountry "HUN"]
[SourceTitle "EXT 2020"]
[Source "ChessBase"]
[SourceDate "2019.10.17"]
[SourceVersion "1"]
[SourceVersionDate "2019.10.17"]
[SourceQuality "1"]
[WhiteTeam "Toth Laszlo"]
[BlackTeam "Taban Spartacus"]
[WhiteTeamCountry "HUN"]
[BlackTeamCountry "HUN"]

1. Nf3 c5 2. c4 Nc6 3. g3 g6 4. Nc3 Bg7 5. Bg2 d6 6. 0-0 Nf6 7. d4 cxd4 8. Nxd4 Bd7 9. Nc2 0-0 10. b3 Qc8 11. Re1 Bh3 12. Bh1 Ng4 13. Bd2 Nd4 14. Nd5 Re8 15. Nce3 Nxe3 16. Nxe3 Nc6 17. Rc1 Qd7 18. Bc3 Bxc3 19. Rxc3 Rac8 20. Nd5 Be6 21. Nf4 Rc7 22. Re3 Ne5 23. Qd4 Nc6 24. Qd2 Nd8 25. Rd1 Rc5 26. Bg2 b5 27. cxb5 Qxb5 28. Bd5 Bxd5 29. Nxd5 Qb7 30. Nf6+ 1-0

[Event "Budapest Spring op"]
[Site "Budapest"]
[Date "2016.03.18"]
[Round "1"]
[White "Haslinger, Ewald"]
[Black "Borda, Lajos"]
[Result "1/2-1/2"]
[WhiteElo "1662"]
[BlackElo "2054"]
[PlyCount "92"]
[EventDate "2016.03.18"]
[EventType "swiss"]
[EventRounds "9"]
[EventCountry "HUN"]
[SourceTitle "CBM 171 Extra"]
[Source "ChessBase"]
[SourceDate "2016.04.26"]
[SourceVersion "1"]
[SourceVersionDate "2016.04.26"]
[SourceQuality "1"]

1. e4 c5 2. d4 cxd4 3. c3 dxc3 4. Nxc3 Nc6 5. Nf3 d6 6. Bc4 e6 7. 0-0 a6 8. Qe2 b5 9. Bb3 Bb7 10. Rd1 Qc7 11. Bf4 Na5 12. Rac1 Nxb3 13. Nxb5 Qxc1 14. Bxc1 Rc8 15. axb3 axb5 16. Qxb5+ Bc6 17. Qa6 Bd7 18. Bf4 e5 19. Be3 Be7 20. Rc1 Rxc1+ 21. Bxc1 Nf6 22. Nd2 0-0 23. f3 Rb8 24. Nc4 Be6 25. Qa7 Nd7 26. Qc7 Rxb3 27. Nxd6 Rd3 28. Nb7 h6 29. Qc2 Rb3 30. Na5 Rb5 31. Bd2 Bc5+ 32. Kf1 Bb4 33. Qa4 Bxa5 34. Bxa5 Rxb2 35. Bc3 Rb1+ 36. Kf2 Kh7 37. Qa5 Rc1 38. Qa3 Rc2+ 39. Kg1 Nb6 40. Bxe5 Nc4 41. Qa1 Ne3 42. g3 Rg2+ 43. Kh1 Rd2 44. Bxg7 Rd1+ 45. Qxd1 Nxd1 46. Bd4 Bh3 1/2-1/2

[Event "Budapest-chT1 Lilienthal 1516"]
[Site "Budapest"]
[Date "2015.10.11"]
[Round "3"]
[White "Borda, Lajos"]
[Black "Grimm, Daniel"]
[Result "0-1"]
[WhiteElo "2104"]
[BlackElo "2275"]
[PlyCount "72"]
[EventDate "2015.09.20"]
[EventType "team-tourn"]
[EventRounds "9"]
[EventCountry "HUN"]
[SourceTitle "EXT 2021"]
[Source "ChessBase"]
[SourceDate "2020.10.23"]
[SourceVersion "1"]
[SourceVersionDate "2020.10.23"]
[SourceQuality "1"]
[WhiteTeam "Taban Spartacus II"]
[BlackTeam "Barcza GSC"]
[WhiteTeamCountry "HUN"]
[BlackTeamCountry "HUN"]

1. e4 d6 2. d4 Nf6 3. Nc3 Nbd7 4. Be3 e5 5. dxe5 dxe5 6. Bc4 c6 7. a4 Bb4 8. f3 0-0 9. Nge2 Qe7 10. Ng3 Nb6 11. Bb3 Be6 12. Qe2 Rfd8 13. a5 Nbd7 14. Bxe6 Qxe6 15. 0-0 b5 16. axb6 axb6 17. Rfd1 b5 18. Nf5 Bf8 19. g4 Nc5 20. Rxd8 Rxd8 21. Qf2 Nfd7 22. Kg2 Qe8 23. Ne2 Ne6 24. Qe1 b4 25. Qc1 Ndc5 26. Bf2 Qd7 27. Be1 b3 28. Bc3 f6 29. Ra3 g6 30. Ne3 Bh6 31. cxb3 Nd3 32. Qg1 Ndf4+ 33. Nxf4 Nxf4+ 34. Kh1 Qd3 35. Ra1 Ne2 36. Rd1 Nxg1 0-1

[Event "Budapest-chT1 Lilienthal 1516"]
[Site "Budapest"]
[Date "2015.09.27"]
[Round "2"]
[White "Czebe, Attila"]
[Black "Borda, Lajos"]
[Result "1-0"]
[WhiteElo "2439"]
[BlackElo "2104"]
[PlyCount "47"]
[EventDate "2015.09.20"]
[EventType "team-tourn"]
[EventRounds "9"]
[EventCountry "HUN"]
[SourceTitle "EXT 2021"]
[Source "ChessBase"]
[SourceDate "2020.10.23"]
[SourceVersion "1"]
[SourceVersionDate "2020.10.23"]
[SourceQuality "1"]
[WhiteTeam "REAC SISE"]
[BlackTeam "Taban Spartacus II"]
[WhiteTeamCountry "HUN"]
[BlackTeamCountry "HUN"]

1. e4 e6 2. d4 d5 3. Nd2 c5 4. Ngf3 Nc6 5. exd5 Qxd5 6. Bc4 Qd8 7. 0-0 Nf6 8. dxc5 Bxc5 9. Qe2 0-0 10. Ne4 Nxe4 11. Qxe4 Be7 12. Re1 Bf6 13. c3 e5 14. h4 g6 15. Bh6 Bf5 16. Qe3 e4 17. Rad1 Qc7 18. Bxf8 Rxf8 19. Ng5 Ne5 20. Be2 Nd3 21. Nxe4 Bxe4 22. Bxd3 Bxd3 23. Rxd3 Bxh4 24. Qxa7 1-0

[Event "HUN-chT2 Maroczy 1415"]
[Site "Hungary"]
[Date "2014.11.16"]
[Round "2"]
[White "Czegledi, Zsolt"]
[Black "Borda, Lajos"]
[Result "1/2-1/2"]
[WhiteElo "2166"]
[BlackElo "2106"]
[PlyCount "93"]
[EventDate "2014.10.12"]
[EventType "team-tourn"]
[EventRounds "9"]
[EventCountry "HUN"]
[SourceTitle "EXT 2016"]
[Source "ChessBase"]
[SourceDate "2015.10.08"]
[SourceVersion "1"]
[SourceVersionDate "2015.10.08"]
[SourceQuality "1"]
[WhiteTeam "TLSE"]
[BlackTeam "Magyar Sakkvilag"]
[WhiteTeamCountry "HUN"]
[BlackTeamCountry "HUN"]

1. d4 Nf6 2. c4 c5 3. d5 e6 4. Nc3 exd5 5. cxd5 d6 6. e4 g6 7. Nf3 Bg7 8. Be2 0-0 9. 0-0 a6 10. a4 Bg4 11. Nd2 Bxe2 12. Qxe2 Nbd7 13. Nc4 Qe7 14. Bf4 Ne5 15. Bxe5 dxe5 16. Rad1 Rfe8 17. a5 Rad8 18. d6 Qd7 19. Nd5 Nxd5 20. Rxd5 Qb5 21. Rfd1 Re6 22. Qc2 Bf8 23. b4 Rc8 24. bxc5 Rxc5 25. Rxc5 Qxc5 26. d7 Be7 27. d8Q+ Bxd8 28. Rxd8+ Kg7 29. Rd1 Rc6 30. Rc1 Qb4 31. g3 Rc5 32. Kg2 Qb5 33. Qd3 f6 34. g4 Qc6 35. f3 Rxa5 36. Nxe5 Qxc1 37. Qd7+ Kh6 38. Nf7+ Kg7 39. Ne5+ Kh6 40. g5+ Kxg5 41. h4+ Kh5 42. Qxh7+ Qh6 43. Qd7 Qf4 44. Qh7+ Qh6 45. Qd7 Qf4 46. Qh7+ Qh6 47. Qd7 1/2-1/2

[Event "HUN-chT2 Charousek 1314"]
[Site "Hungary"]
[Date "2014.03.02"]
[Round "8"]
[White "Borda, Lajos"]
[Black "Szaz, Ferenc"]
[Result "1-0"]
[WhiteElo "2151"]
[BlackElo "2095"]
[PlyCount "67"]
[EventDate "2013.09.08"]
[EventType "team-tourn"]
[EventRounds "11"]
[EventCountry "HUN"]
[SourceTitle "EXT 2016"]
[Source "ChessBase"]
[SourceDate "2015.10.08"]
[SourceVersion "1"]
[SourceVersionDate "2015.10.08"]
[SourceQuality "1"]
[WhiteTeam "Taban Spartacus"]
[BlackTeam "Komlo Banyasz"]
[WhiteTeamCountry "HUN"]
[BlackTeamCountry "HUN"]

1. e4 d5 2. exd5 Nf6 3. Nf3 Nxd5 4. d4 Bf5 5. Bd3 Bxd3 6. Qxd3 c6 7. 0-0 e6 8. Rd1 Be7 9. c4 Nf6 10. Nc3 0-0 11. Bf4 Na6 12. Qe2 Re8 13. Ne5 g6 14. Rd3 Nh5 15. Qxh5 gxh5 16. Rg3+ Bg5 17. Bxg5 Kf8 18. Bxd8 Raxd8 19. Rd1 f6 20. Nf3 Kf7 21. Kf1 Nc7 22. Rh3 Kg6 23. Nh4+ Kh6 24. Rg3 Re7 25. d5 cxd5 26. cxd5 Red7 27. Re1 Rg7 28. Rxg7 Kxg7 29. dxe6 Re8 30. Nf5+ Kg6 31. Nd6 Rxe6 32. Rxe6 Nxe6 33. Nxb7 h4 34. h3 1-0

[Event "HUN-chT2 Charousek 1314"]
[Site "Hungary"]
[Date "2014.02.16"]
[Round "7"]
[White "Zamodics, Peter"]
[Black "Borda, Lajos"]
[Result "0-1"]
[WhiteElo "1977"]
[BlackElo "2151"]
[PlyCount "98"]
[EventDate "2013.09.08"]
[EventType "team-tourn"]
[EventRounds "11"]
[EventCountry "HUN"]
[SourceTitle "EXT 2016"]
[Source "ChessBase"]
[SourceDate "2015.10.08"]
[SourceVersion "1"]
[SourceVersionDate "2015.10.08"]
[SourceQuality "1"]
[WhiteTeam "Alsoszolnok"]
[BlackTeam "Taban Spartacus"]
[WhiteTeamCountry "HUN"]
[BlackTeamCountry "HUN"]

1. d4 Nf6 2. c4 g6 3. Nc3 Bg7 4. e4 d6 5. f3 Nc6 6. Be3 Nd7 7. d5 Ncb8 8. Bd3 Na6 9. Nge2 0-0 10. 0-0 Ne5 11. b3 c6 12. Rc1 cxd5 13. cxd5 Nxd3 14. Qxd3 Bd7 15. Nd4 Qa5 16. a4 Rfc8 17. Nce2 Nc5 18. Qd2 Qxd2 19. Bxd2 Nd3 20. Rb1 a6 21. Rfd1 e5 22. dxe6 fxe6 23. Be3 Nc5 24. Nc1 b5 25. a5 Nb7 26. b4 Rc4 27. Nde2 Rac8 28. Nd3 e5 29. Rbc1 Be6 30. Rxc4 Rxc4 31. Rc1 Kf7 32. Nc3 Nd8 33. Nd5 Rxc1+ 34. Bxc1 Nc6 35. Nc7 Bc8 36. Bb2 Bf6 37. Bc3 Bd8 38. Nd5 Be6 39. Kf2 Bxd5 40. exd5 Ne7 41. Bxe5 dxe5 42. Nxe5+ Ke8 43. d6 Nd5 44. Nd3 Bf6 45. d7+ Kxd7 46. Nc5+ Kc6 47. Nxa6 Be7 48. g4 Nxb4 49. Nxb4+ Bxb4 0-1

[Event "Budapest FS02 FM-A"]
[Site "Budapest"]
[Date "2014.02.08"]
[Round "8"]
[White "Gal, Hanna Krisztina"]
[Black "Borda, Lajos"]
[Result "1/2-1/2"]
[WhiteElo "2104"]
[BlackElo "2130"]
[PlyCount "68"]
[EventDate "2014.02.01"]
[EventType "tourn"]
[EventRounds "11"]
[EventCountry "HUN"]
[SourceTitle "CBM 158 Extra"]
[Source "ChessBase"]
[SourceDate "2014.02.28"]
[SourceVersion "1"]
[SourceVersionDate "2014.02.28"]
[SourceQuality "1"]

1. e4 c5 2. Nf3 d6 3. d4 cxd4 4. Nxd4 Nf6 5. Nc3 a6 6. Bg5 e6 7. f4 Qb6 8. Qd2 Qxb2 9. Rb1 Qa3 10. f5 Nc6 11. fxe6 fxe6 12. Nxc6 bxc6 13. e5 dxe5 14. Bxf6 gxf6 15. Ne4 Qxa2 16. Rd1 Be7 17. Be2 0-0 18. 0-0 Ra7 19. Rf3 Kh8 20. Rg3 Rd7 21. Qh6 Rf7 22. Qh5 Rxd1+ 23. Bxd1 Qa5 24. Kf1 Qd8 25. Qxf7 Qxd1+ 26. Kf2 Qxc2+ 27. Kf3 Qd1+ 28. Kf2 Qc2+ 29. Ke3 Bc5+ 30. Nxc5 Qxc5+ 31. Kd2 Qf2+ 32. Kd1 Qf1+ 33. Kc2 Qe2+ 34. Kb3 Qb5+ 1/2-1/2

[Event "HUN-chT2 Charousek 1314"]
[Site "Hungary"]
[Date "2014.02.02"]
[Round "6"]
[White "Borda, Lajos"]
[Black "Tegzes, Laszlo"]
[Result "1/2-1/2"]
[WhiteElo "2151"]
[BlackElo "2131"]
[PlyCount "75"]
[EventDate "2013.09.08"]
[EventType "team-tourn"]
[EventRounds "11"]
[EventCountry "HUN"]
[SourceTitle "EXT 2016"]
[Source "ChessBase"]
[SourceDate "2015.10.08"]
[SourceVersion "1"]
[SourceVersionDate "2015.10.08"]
[SourceQuality "1"]
[WhiteTeam "Taban Spartacus"]
[BlackTeam "Budapest HUSI"]
[WhiteTeamCountry "HUN"]
[BlackTeamCountry "HUN"]

1. e4 c5 2. Nf3 e6 3. a3 Nc6 4. Bb5 Nf6 5. e5 Nd5 6. 0-0 Be7 7. Nc3 Nxc3 8. dxc3 d5 9. exd6 Qxd6 10. Qxd6 Bxd6 11. Bxc6+ bxc6 12. c4 Rb8 13. b3 f6 14. Rd1 Be7 15. Be3 e5 16. Ne1 Bf5 17. Nd3 Rd8 18. Bxc5 Rxd3 19. cxd3 Bxc5 20. Kf1 Ke7 21. b4 Bd4 22. Rab1 Rb8 23. a4 Kd6 24. Ke2 g5 25. f3 g4 26. b5 gxf3+ 27. Kxf3 h5 28. h3 h4 29. Ke2 Rg8 30. Kf1 Rg3 31. Rb3 cxb5 32. axb5 Kc5 33. Rd2 e4 34. b6 axb6 35. Rb5+ Kc6 36. Rxf5 exd3 37. Rd5 Be5 38. Kf2 1/2-1/2

[Event "Budapest-chT1 Lilienthal 1314"]
[Site "Budapest"]
[Date "2013.11.10"]
[Round "3"]
[White "Csomor, Viktor"]
[Black "Borda, Lajos"]
[Result "0-1"]
[WhiteElo "2043"]
[BlackElo "2151"]
[PlyCount "68"]
[EventDate "2013.09.29"]
[EventType "team-tourn"]
[EventRounds "11"]
[EventCountry "HUN"]
[SourceTitle "EXT 2021"]
[Source "ChessBase"]
[SourceDate "2020.10.23"]
[SourceVersion "1"]
[SourceVersionDate "2020.10.23"]
[SourceQuality "1"]
[WhiteTeam "Csepel"]
[BlackTeam "Taban Spartacus II"]
[WhiteTeamCountry "HUN"]
[BlackTeamCountry "HUN"]

1. d4 Nf6 2. c4 g6 3. Nc3 Bg7 4. e4 d6 5. f4 0-0 6. Nf3 Nbd7 7. Be2 e5 8. fxe5 dxe5 9. d5 Nc5 10. Qc2 Nh5 11. Bg5 Qd7 12. b4 Na6 13. Rb1 Nf4 14. Bxf4 exf4 15. 0-0 Qe7 16. a3 f5 17. e5 Bxe5 18. Nxe5 Qxe5 19. Bd3 Bd7 20. Kh1 Rae8 21. Ne2 g5 22. Ng1 Qf6 23. Rbe1 Re3 24. Rd1 c6 25. b5 cxb5 26. cxb5 Rc8 27. Qd2 Nc5 28. Bc4 Ne4 29. Qd4 Qxd4 30. Rxd4 Nd6 31. Ba2 Bxb5 32. Rfd1 Rxa3 33. Bb1 Kf7 34. Re1 Re3 0-1

[Event "HUN-chT2 Charousek 1314"]
[Site "Hungary"]
[Date "2013.11.03"]
[Round "4"]
[White "Borda, Lajos"]
[Black "Fodor, Tamas Sr"]
[Result "1-0"]
[WhiteElo "2151"]
[BlackElo "1997"]
[PlyCount "55"]
[EventDate "2013.09.08"]
[EventType "team-tourn"]
[EventRounds "11"]
[EventCountry "HUN"]
[SourceTitle "EXT 2016"]
[Source "ChessBase"]
[SourceDate "2015.10.08"]
[SourceVersion "1"]
[SourceVersionDate "2015.10.08"]
[SourceQuality "1"]
[WhiteTeam "Taban Spartacus"]
[BlackTeam "Paks ASE II"]
[WhiteTeamCountry "HUN"]
[BlackTeamCountry "HUN"]

1. e4 e6 2. d4 d5 3. e5 c5 4. Nf3 Nc6 5. Bd3 Bd7 6. dxc5 Bxc5 7. 0-0 Nge7 8. a3 a6 9. b4 Bb6 10. Bb2 Rc8 11. Nbd2 Qc7 12. c4 Qb8 13. Rc1 Bc7 14. Re1 Nd8 15. cxd5 Nxd5 16. Ne4 Bc6 17. Nc5 h6 18. Qd2 0-0 19. Bb1 Qa8 20. Qc2 g6 21. Nd4 Be8 22. Ne4 Nc6 23. Nf3 Nce7 24. Qd2 Kh7 25. Nf6+ Nxf6 26. exf6 Nd5 27. Re4 Rh8 28. Qxh6+ 1-0

[Event "Budapest-chT1 Lilienthal 1314"]
[Site "Budapest"]
[Date "2013.09.29"]
[Round "1"]
[White "Borda, Lajos"]
[Black "Szabolcsi, Janos"]
[Result "0-1"]
[WhiteElo "2151"]
[BlackElo "2353"]
[PlyCount "46"]
[EventDate "2013.09.29"]
[EventType "team-tourn"]
[EventRounds "11"]
[EventCountry "HUN"]
[SourceTitle "EXT 2021"]
[Source "ChessBase"]
[SourceDate "2020.10.23"]
[SourceVersion "1"]
[SourceVersionDate "2020.10.23"]
[SourceQuality "1"]
[WhiteTeam "Taban Spartacus II"]
[BlackTeam "Rakosliget"]
[WhiteTeamCountry "HUN"]
[BlackTeamCountry "HUN"]

1. e4 c5 2. Nf3 e6 3. a3 d5 4. exd5 exd5 5. Bb5+ Nc6 6. 0-0 Nf6 7. Re1+ Be7 8. d4 cxd4 9. Nxd4 Bd7 10. c4 0-0 11. cxd5 Nxd5 12. Nxc6 bxc6 13. Bc4 Be6 14. Qc2 Bd6 15. b3 Re8 16. Bb2 Qg5 17. Nc3 Bf5 18. Qd1 Nf4 19. g3 Bc5 20. Bc1 Nh3+ 21. Kg2 Qf6 22. Bb2 Nxf2 23. Qf3 Bh3+ 0-1

[Event "Budapest FS09 FM-A"]
[Site "Budapest"]
[Date "2013.09.15"]
[Round "7"]
[White "Borda, Lajos"]
[Black "Bartha, Sandor"]
[Result "1/2-1/2"]
[WhiteElo "2151"]
[BlackElo "2144"]
[PlyCount "136"]
[EventDate "2013.09.07"]
[EventType "tourn"]
[EventRounds "9"]
[EventCountry "HUN"]
[SourceTitle "CBM 156 Extra"]
[Source "ChessBase"]
[SourceDate "2013.10.22"]
[SourceVersion "1"]
[SourceVersionDate "2013.10.22"]
[SourceQuality "1"]

1. d4 d5 2. Nf3 c6 3. e3 Bf5 4. a3 e6 5. c4 Bd6 6. Nc3 Nf6 7. Bd3 Bxd3 8. Qxd3 0-0 9. 0-0 Nbd7 10. e4 dxe4 11. Nxe4 Nxe4 12. Qxe4 Nf6 13. Qc2 h6 14. Bd2 Rc8 15. Rad1 Qc7 16. Rfe1 Rfd8 17. b4 Qe7 18. Bc3 Bb8 19. Qb2 b5 20. cxb5 Nd5 21. bxc6 Rxc6 22. Bd2 Rb6 23. Qc2 Qe8 24. Rc1 f6 25. Qe4 g5 26. Rc5 Qh5 27. g3 f5 28. Qe2 Nf6 29. Ne5 Qxe2 30. Rxe2 Rxd4 31. Nc6 Re4 32. Re3 Bd6 33. Rc2 Kf7 34. f3 Rxe3 35. Bxe3 Ra6 36. Na5 Nd5 37. Bf2 Bc7 38. Rc6 Rxc6 39. Nxc6 a6 40. Bd4 h5 41. Kg2 g4 42. a4 e5 43. Bxe5 Bxe5 44. Nxe5+ Ke6 45. Nd3 Nc3 46. Nc5+ Kd5 47. Nxa6 Nxa4 48. Kf2 Nc3 49. Ke3 Ke5 50. fxg4 fxg4 51. Kd3 Nb5 52. Nc5 Kd5 53. Ne4 Ke5 54. Nc3 Nd4 55. b5 Nf3 56. Kc4 Kd6 57. Ne4+ Kc7 58. Nf6 h4 59. Nxg4 hxg3 60. hxg3 Nd2+ 61. Kb4 Ne4 62. Ka5 Kb7 63. Ne5 Nxg3 64. Nc4 Ne4 65. b6 Nc5 66. Kb5 Nd7 67. Na5+ Kb8 68. b7 Kc7 1/2-1/2

[Event "Budapest FS09 FM-A"]
[Site "Budapest"]
[Date "2013.09.14"]
[Round "6"]
[White "Bodi, Tibor"]
[Black "Borda, Lajos"]
[Result "1-0"]
[WhiteElo "2035"]
[BlackElo "2151"]
[PlyCount "69"]
[EventDate "2013.09.07"]
[EventType "tourn"]
[EventRounds "9"]
[EventCountry "HUN"]
[SourceTitle "CBM 156 Extra"]
[Source "ChessBase"]
[SourceDate "2013.10.22"]
[SourceVersion "1"]
[SourceVersionDate "2013.10.22"]
[SourceQuality "1"]

1. e4 c5 2. Nf3 a6 3. c3 Nf6 4. e5 Nd5 5. d4 cxd4 6. Bc4 Nc7 7. cxd4 d5 8. exd6 Qxd6 9. 0-0 e6 10. Nc3 b5 11. Ne4 Qb6 12. Bd3 Nd7 13. Bg5 Nd5 14. Rc1 h6 15. Bh4 Be7 16. Bxe7 Nxe7 17. Nc5 Nf6 18. Ne5 0-0 19. Bb1 Rd8 20. Qf3 Ra7 21. Ne4 Qxd4 22. Nxf6+ gxf6 23. Rfd1 fxe5 24. Rxd4 exd4 25. Qg4+ Kf8 26. Qh4 Kg7 27. Qg3+ Ng6 28. Bxg6 fxg6 29. Rc7+ Rd7 30. Rxc8 d3 31. Rc1 d2 32. Rd1 Rac7 33. Kf1 Rc4 34. f3 Rd5 35. Qb8 1-0

[Event "Budapest FS09 FM-A"]
[Site "Budapest"]
[Date "2013.09.09"]
[Round "2"]
[White "Juhasz, Bela"]
[Black "Borda, Lajos"]
[Result "1/2-1/2"]
[WhiteElo "2187"]
[BlackElo "2151"]
[PlyCount "44"]
[EventDate "2013.09.07"]
[EventType "tourn"]
[EventRounds "9"]
[EventCountry "HUN"]
[SourceTitle "CBM 156 Extra"]
[Source "ChessBase"]
[SourceDate "2013.10.22"]
[SourceVersion "1"]
[SourceVersionDate "2013.10.22"]
[SourceQuality "1"]

1. d4 Nf6 2. c4 e6 3. Nf3 b6 4. a3 Bb7 5. Nc3 Be7 6. d5 0-0 7. g3 d6 8. Bg2 c5 9. 0-0 exd5 10. cxd5 a6 11. e4 Ne8 12. Re1 Nd7 13. Bf4 Bf6 14. Qc2 Ne5 15. Bxe5 dxe5 16. a4 Nd6 17. Bf1 Qd7 18. Qb3 Qc7 19. Nd2 Rab8 20. Nc4 Bc8 21. Nxd6 Qxd6 22. Bc4 Bg5 1/2-1/2

[Event "Budapest FS09 FM-A"]
[Site "Budapest"]
[Date "2013.09.07"]
[Round "1"]
[White "Borda, Lajos"]
[Black "Letay, Gyula"]
[Result "1-0"]
[WhiteElo "2151"]
[BlackElo "1953"]
[PlyCount "89"]
[EventDate "2013.09.07"]
[EventType "tourn"]
[EventRounds "9"]
[EventCountry "HUN"]
[SourceTitle "CBM 156 Extra"]
[Source "ChessBase"]
[SourceDate "2013.10.22"]
[SourceVersion "1"]
[SourceVersionDate "2013.10.22"]
[SourceQuality "1"]

1. e4 c5 2. Nf3 d6 3. d4 cxd4 4. Nxd4 Nf6 5. Bd3 a6 6. 0-0 e5 7. Ne2 Be7 8. c4 0-0 9. Nbc3 Nbd7 10. b3 Qc7 11. Bb2 b6 12. Rc1 Qb7 13. Ng3 Nc5 14. b4 Nxd3 15. Qxd3 Be6 16. Nd5 Nxd5 17. exd5 Bd7 18. Nf5 Bxf5 19. Qxf5 g6 20. Qh3 f5 21. Qb3 Rad8 22. Rfe1 Bf6 23. Rc2 Qd7 24. a4 f4 25. f3 g5 26. Qd3 Rde8 27. Bc3 Kg7 28. Ra2 h5 29. a5 bxa5 30. Rxa5 Qb7 31. Rea1 Ra8 32. c5 Qc7 33. Rxa6 Rxa6 34. Qxa6 dxc5 35. d6 Qb8 36. Qa7+ Qxa7 37. Rxa7+ Kg6 38. bxc5 Rb8 39. c6 Rb1+ 40. Kf2 e4 41. Bxf6 e3+ 42. Ke2 Kxf6 43. Ra2 Rc1 44. c7 Ke6 45. Ra8 1-0

[Event "Budapest-chT1 Lilienthal 1213"]
[Site "Budapest"]
[Date "2013.05.05"]
[Round "11"]
[White "Borda, Lajos"]
[Black "Gyurkovics, Miklos"]
[Result "1/2-1/2"]
[WhiteElo "2120"]
[BlackElo "2186"]
[PlyCount "162"]
[EventDate "2012.09.30"]
[EventType "team-tourn"]
[EventRounds "11"]
[EventCountry "HUN"]
[SourceTitle "EXT 2019"]
[Source "ChessBase"]
[SourceDate "2018.10.10"]
[SourceVersion "1"]
[SourceVersionDate "2018.10.10"]
[SourceQuality "1"]
[WhiteTeam "Taban Spartacus II"]
[BlackTeam "Budapest Vasas II"]
[WhiteTeamCountry "HUN"]
[BlackTeamCountry "HUN"]

1. e4 c5 2. Nf3 g6 3. c3 Bg7 4. Bc4 Nc6 5. 0-0 d6 6. d4 cxd4 7. cxd4 Nf6 8. d5 Nb8 9. Nc3 0-0 10. Be3 a6 11. a4 Qc7 12. Bb3 Bg4 13. h3 Bxf3 14. Qxf3 Nbd7 15. Rac1 Rac8 16. Qe2 Qa5 17. Bc2 Qb4 18. Rb1 Rfe8 19. Rfd1 Nh5 20. Bd2 Bd4 21. Be1 Qb6 22. Qd2 Be5 23. Ne2 e6 24. dxe6 Rxe6 25. b4 Rf6 26. a5 Qa7 27. Ba4 Nf8 28. Rb3 Ne6 29. g3 b5 30. axb6 Qxb6 31. Rd3 Rc4 32. Rxd6 Bxd6 33. Qxd6 Qxd6 34. Rxd6 Rxe4 35. Bc3 Rxe2 36. Bxf6 Nxf6 37. Rxa6 Ra2 38. Bb5 Rb2 39. Bc4 Rxb4 40. Bxe6 fxe6 41. Rxe6 Kf7 42. Ra6 g5 43. Kg2 h5 44. Ra2 Rb3 45. Rc2 Ke6 46. Rc6+ Ke5 47. Rc5+ Nd5 48. Rc8 g4 49. Rh8 Nf6 50. hxg4 hxg4 51. Rc8 Rb2 52. Rc7 Rd2 53. Kf1 Kd6 54. Rc4 Rd3 55. Ke2 Ra3 56. Rf4 Ke5 57. f3 Ra2+ 58. Ke1 gxf3 59. Rxf3 Ne4 60. Rd3 Rg2 61. Kf1 Rf2+ 62. Ke1 Rf7 63. Ke2 Rg7 64. Re3 Rg4 65. Ra3 Nxg3+ 66. Kf3 Rg8 67. Ra5+ Kd6 68. Ra6+ Kc5 69. Rf6 Kd5 70. Rf4 Nf1 71. Ke2 Ng3+ 72. Kf3 Nf1 73. Ke2 Nh2 74. Rf7 Re8+ 75. Kd3 Ng4 76. Rd7+ Ke5 77. Ra7 Nf6 78. Ra5+ Nd5 79. Kc4 Rc8+ 80. Rc5 Kd6 81. Rxc8 Nb6+ 1/2-1/2

[Event "Budapest-chT1 Lilienthal 1213"]
[Site "Budapest"]
[Date "2013.04.14"]
[Round "10"]
[White "Ngo Tan, Don"]
[Black "Borda, Lajos"]
[Result "1-0"]
[WhiteElo "2172"]
[BlackElo "2120"]
[PlyCount "103"]
[EventDate "2012.09.30"]
[EventType "team-tourn"]
[EventRounds "11"]
[EventCountry "HUN"]
[SourceTitle "EXT 2019"]
[Source "ChessBase"]
[SourceDate "2018.10.10"]
[SourceVersion "1"]
[SourceVersionDate "2018.10.10"]
[SourceQuality "1"]
[WhiteTeam "Budapest EAC"]
[BlackTeam "Taban Spartacus II"]
[WhiteTeamCountry "HUN"]
[BlackTeamCountry "HUN"]

1. e4 c5 2. c4 Nc6 3. Nc3 g6 4. g3 Bg7 5. Bg2 d6 6. Nge2 e6 7. 0-0 Nge7 8. d3 Nd4 9. Be3 Nec6 10. Rb1 0-0 11. a3 a5 12. Qd2 Nb3 13. Qd1 Nbd4 14. b3 Rb8 15. Qd2 Nxe2+ 16. Nxe2 Qe7 17. d4 e5 18. d5 Nd4 19. Bxd4 exd4 20. Qxa5 f5 21. f3 fxe4 22. fxe4 Bg4 23. Qd2 g5 24. b4 Bh5 25. Rbe1 Rxf1+ 26. Rxf1 Bg6 27. Nc1 Ra8 28. bxc5 dxc5 29. Qd3 Qd7 30. Qf3 Qa4 31. Qg4 Re8 32. Qxg5 Qxc4 33. d6 d3 34. Nb3 Qe6 35. e5 Bxe5 36. Nxc5 Qxd6 37. Ne4 Qd4+ 38. Kh1 Rf8 39. Re1 Rf5 40. Qc1 Rf7 41. Qc8+ Rf8 42. Qe6+ Kg7 43. Nd2 Re8 44. Qb3 b6 45. Nf3 Qc3 46. Qb5 d2 47. Qd7+ Kf8 48. Nxd2 Bd3 49. Nf3 Re7 50. Qd8+ Re8 51. Qxb6 Rb8 52. Qh6+ 1-0

[Event "Budapest Spring op 29th"]
[Site "Budapest"]
[Date "2013.03.25"]
[Round "7"]
[White "Borda, Lajos"]
[Black "Csati, Oliver"]
[Result "1-0"]
[WhiteElo "2135"]
[BlackElo "1972"]
[PlyCount "95"]
[EventDate "2013.03.18"]
[EventType "swiss"]
[EventRounds "9"]
[EventCountry "HUN"]
[SourceTitle "CBM 153 Extra"]
[Source "ChessBase"]
[SourceDate "2013.04.22"]
[SourceVersion "1"]
[SourceVersionDate "2013.04.22"]
[SourceQuality "1"]

1. e4 c5 2. Nf3 e6 3. a3 a6 4. d4 cxd4 5. Nxd4 Nc6 6. c4 g6 7. Nc3 Bg7 8. Be3 Nge7 9. Rc1 0-0 10. Be2 f5 11. Nxc6 bxc6 12. Bd4 Bh6 13. Rc2 Qa5 14. 0-0 e5 15. b4 Qc7 16. Bc5 Qd8 17. Qd6 Rf7 18. Qxe5 fxe4 19. Nxe4 Bg7 20. Qg5 Qf8 21. Bd6 Bh6 22. Qc5 Qd8 23. Nf6+ Kh8 24. Ng4 Bg7 25. Ne5 Bxe5 26. Qxe5+ Kg8 27. c5 Nd5 28. Bc4 Rf5 29. Qe4 a5 30. b5 Bb7 31. Rd2 Qg5 32. f4 Qh5 33. b6 Rf6 34. Be5 Re8 35. Rxd5 cxd5 36. Bxd5+ Bxd5 37. Qxd5+ Rfe6 38. b7 Qf5 39. Qb3 a4 40. Qxa4 Rxe5 41. fxe5 Qxe5 42. Qxd7 Qxc5+ 43. Kh1 Rb8 44. Qf7+ Kh8 45. h3 Qd6 46. Rc1 Qd8 47. Qc7 Qe8 48. Qxb8 1-0

[Event "Budapest Spring op 29th"]
[Site "Budapest"]
[Date "2013.03.23"]
[Round "6"]
[White "Schatzer, Andras"]
[Black "Borda, Lajos"]
[Result "1/2-1/2"]
[WhiteElo "1782"]
[BlackElo "2135"]
[PlyCount "59"]
[EventDate "2013.03.18"]
[EventType "swiss"]
[EventRounds "9"]
[EventCountry "HUN"]
[SourceTitle "CBM 153 Extra"]
[Source "ChessBase"]
[SourceDate "2013.04.22"]
[SourceVersion "1"]
[SourceVersionDate "2013.04.22"]
[SourceQuality "1"]

1. Nf3 Nf6 2. c4 c5 3. g3 g6 4. b3 Bg7 5. Bb2 0-0 6. Bg2 d6 7. 0-0 Nc6 8. Nc3 Rb8 9. d4 cxd4 10. Nxd4 Nxd4 11. Qxd4 b6 12. e4 Bb7 13. Qd2 Ne8 14. Nb5 Bxb2 15. Qxb2 a6 16. Nc3 e6 17. Rad1 Qc7 18. Rd2 Bc6 19. Rfd1 b5 20. cxb5 axb5 21. Rc1 Qb7 22. b4 f5 23. Qb3 Rf6 24. e5 dxe5 25. Bxc6 Qxc6 26. Rdc2 Rf7 27. a4 bxa4 28. Nxa4 Qd5 29. Qa3 Qb5 30. Nc5 1/2-1/2